Correspondencia con Arnauld
שמור ב:
| מחבר ראשי: | |
|---|---|
| פורמט: | ספר |
| שפה: | ספרדית |
| יצא לאור: |
Buenos Aires
Losada
1946
|
| סדרה: | Biblioteca Filosófica
|
| נושאים: | |
| תגים: |
הוספת תג
אין תגיות, היה/י הראשונ/ה לתייג את הרשומה!
|
MARC
| LEADER | 00000cam a2200000 a 4500 | ||
|---|---|---|---|
| 001 | UCZ3754 | ||
| 003 | CL-VaPUC | ||
| 008 | 951027e19460000AG |||||||||||||||||spa|d | ||
| 082 | 0 | 4 | |a 141 |b LEI |2 21 |
| 100 | |a Leibniz, Gottfried Wilhelm |e author |9 429654 | ||
| 245 | 1 | 0 | |a Correspondencia con Arnauld |
| 300 | |a 161 p | ||
| 942 | |c BK | ||
| 945 | |d 19951027 00:00:00 |a cmena | ||
| 260 | |a Buenos Aires |b Losada |c 1946 | ||
| 650 | 0 | |a Idealismo |9 265685 | |
| 650 | 0 | |a Correspondencia |9 258963 | |
| 650 | 0 | |a Filosofía alemana |9 265002 | |
| 583 | |a last modification |c 20140121 06:50:31 |k Rodrigo Vera | ||
| 490 | 0 | |a Biblioteca Filosófica | |
| 999 | |c 240202 |d 240200 | ||
| 952 | |0 0 |1 0 |4 0 |6 141_000000000000000_LEI_1946 |7 0 |8 A |9 251922 |a BIBART |b BIBART |d 2019-11-18 |i 4984560 |o 141 LEI 1946 |p 4984560 |r 2025-03-13 |w 2019-11-18 |y BK |k ART | ||